Analysis of effectiveness of selected e-marketing communication types

Gespeichert in:
Bibliographische Detailangaben
1. Verfasser: Dorčák, Peter, 1979-
Weitere Verfasser: Pollák, František, 1985-, Dorčáková, Ingrid, 1978-
Format: Buchkapitel
Sprache:Englisch
Tags: Tag hinzufügen
Keine Tags, Fügen Sie das erste Tag hinzu!

MARC

LEADER 00000nla a2200000 4500
001 0226928
005 20240502083608.4
041 0 |a eng 
044 |a AE 
245 1 0 |a Analysis of effectiveness of selected e-marketing communication types  |c Peter Dorčák, František Pollák, Ingrid Dorčáková 
100 1 |a Dorčák, Peter, 1979- 
700 1 |a Pollák, František, 1985- 
700 1 |a Dorčáková, Ingrid, 1978-